Exceptional children and youth : A chart book of special education enrollments in public day schools of the United States (Record no. 1342902)

MARC details
000 -LEADER
fixed length control field 00632nam a2200181Ia 4500
005 - DATE AND TIME OF LATEST TRANSACTION
control field 20250508153435.0
008 - FIXED-LENGTH DATA ELEMENTS--GENERAL INFORMATION
fixed length control field 008 250505s9999 xx 000 0 eng d
037 ## - SOURCE OF ACQUISITION
Stock number Textual
040 ## - CATALOGING SOURCE
Original cataloging agency FEDL
Language of cataloging eng
Transcribing agency FEDL
041 ## - LANGUAGE CODE
Language code of text/sound track or separate title eng
Source of code eng
084 ## - COLON CLASSIFICATION NUMBER
Classification number 371.9, UNI
Assigning agency FEDL
245 #0 - TITLE STATEMENT
Title Exceptional children and youth : A chart book of special education enrollments in public day schools of the United States
245 #0 - TITLE STATEMENT
Statement of responsibility, etc. U S Department of Health, Education and Welfare
260 ## - PUBLICATION, DISTRIBUTION, ETC.
Place of publication, distribution, etc. Washington, USA
Name of publisher, distributor, etc. U.S. Government Printing Office
Date of publication, distribution, etc. 1961
300 ## - PHYSICAL DESCRIPTION
Extent v,14p
942 ## - ADDED ENTRY ELEMENTS (KOHA)
Koha item type Textual
Classification part 371.9, UNI
Holdings
Withdrawn status Lost status Damaged status Not for loan Home library Current library Date acquired Total Checkouts Full call number Barcode Date last seen Price effective from Koha item type
        Department of Education Library Department of Education Library 2025-05-08   371.9, UNI EL0026021 2025-05-08 2025-05-08 Textual
Copyright @ Delhi University Library System